00329nam a2200121Ia 4500008004100000041000800041082001800049100001800067245004500085260004200130300002400172365001100196240624s9999 xx 000 0 und d aeng a025.30285 DHI aDHIMAN ANIL K aLEARN COMPUTER BASICS AND ITS APPLICATIO c2006aNew DelhibEss Ess Publications a186 : p. : cm. ; 21 cRSb20